000
00292nam a2200133Ia 4500
008
230312s9999||||xx |||||||||||||| ||und||
082
_a
891.4
_b
YOU-K
100
_a
Younis, Dr. Muhammad
245
0
_a
Khurmastain
260
_b
SangeMeel
300
_a
310
650
_a
Literature
942
_c
BK
999
_c
8798
_d
8798